[Event "GER-ch NSV Online 1st"]
[Site "Playchess.com INT"]
[Date "2020.04.26"]
[Round "2"]
[White "Huenerberg, Harald"]
[Black "Treske, Oliver"]
[Result "1-0"]
[WhiteElo "1347"]
[BlackElo "1618"]
[PlyCount "79"]
[EventDate "2020.04.26"]
[EventType "swiss (blitz)"]
[EventRounds "13"]
[EventCountry "GER"]
[SourceTitle "CBM 196 Extra"]
[Source "ChessBase"]
[SourceDate "2020.07.31"]
[SourceVersion "1"]
[SourceVersionDate "2020.07.31"]
[SourceQuality "1"]

1. e4 c5 2. Nf3 d6 3. d4 cxd4 4. Nxd4 Nf6 5. Nc3 a6 6. Bc4 b5 7. Bb3 e5 8. Nf5 Be6 9. Bxe6 fxe6 10. Ng3 Be7 11. Bg5 0-0 12. 0-0 Nbd7 13. f3 Nb6 14. b3 Rc8 15. Nce2 d5 16. exd5 exd5 17. Rc1 Qd6 18. Nf5 Qc5+ 19. Kh1 Rc7 20. Nxe7+ Qxe7 21. Bxf6 Qxf6 22. Ng3 Rfc8 23. Rf2 e4 24. fxe4 Qxf2 25. exd5 Rxc2 26. Rxc2 Qxc2 27. Qg1 Nxd5 28. h3 Qb2 29. Qa7 Qc3 30. Nf5 Rc7 31. Qa8+ Rc8 32. Qxd5+ Kf8 33. Qd6+ Kg8 34. Ne7+ Kh8 35. Nxc8 Qxc8 36. Qd5 Qc1+ 37. Kh2 Qf4+ 38. Kh1 Qf1+ 39. Kh2 Qf3 40. gxf3 1-0

[Event "GER-ch NSV Online 1st"]
[Site "Playchess.com INT"]
[Date "2020.04.26"]
[Round "5"]
[White "Muendoerfer, Sebastian"]
[Black "Treske, Oliver"]
[Result "0-1"]
[WhiteElo "1785"]
[BlackElo "1618"]
[PlyCount "38"]
[EventDate "2020.04.26"]
[EventType "swiss (blitz)"]
[EventRounds "13"]
[EventCountry "GER"]
[SourceTitle "CBM 196 Extra"]
[Source "ChessBase"]
[SourceDate "2020.07.31"]
[SourceVersion "1"]
[SourceVersionDate "2020.07.31"]
[SourceQuality "1"]

1. d4 Nf6 2. c4 g6 3. Nf3 Bg7 4. Qc2 d6 5. b3 Bf5 6. Qd2 0-0 7. e3 Ne4 8. Qd1 c5 9. Nbd2 Nc3 10. dxc5 Nxd1 11. Kxd1 Bxa1 12. cxd6 Qxd6 13. Nd4 Bxd4 14. exd4 Qxd4 15. Be2 Qxf2 16. Re1 Rd8 17. a4 Nc6 18. b4 Nxb4 19. a5 Bc2# 0-1

[Event "GER-ch NSV Online 1st"]
[Site "Playchess.com INT"]
[Date "2020.04.26"]
[Round "8"]
[White "Scheffner, Jarno"]
[Black "Treske, Oliver"]
[Result "1-0"]
[WhiteElo "1959"]
[BlackElo "1618"]
[PlyCount "67"]
[EventDate "2020.04.26"]
[EventType "swiss (blitz)"]
[EventRounds "13"]
[EventCountry "GER"]
[SourceTitle "CBM 196 Extra"]
[Source "ChessBase"]
[SourceDate "2020.07.31"]
[SourceVersion "1"]
[SourceVersionDate "2020.07.31"]
[SourceQuality "1"]

1. e4 c5 2. Nf3 d6 3. d4 cxd4 4. Nxd4 Nf6 5. Nc3 a6 6. Bg5 e6 7. f4 Be7 8. Qe2 0-0 9. 0-0-0 Nbd7 10. g4 b5 11. Nc6 Qe8 12. Nxe7+ Qxe7 13. e5 dxe5 14. fxe5 Nxe5 15. Qxe5 Bb7 16. Rg1 Rfd8 17. Bxf6 gxf6 18. Rxd8+ Rxd8 19. Qh5 Qc7 20. Bd3 Qf4+ 21. Kb1 b4 22. Qxh7+ Kf8 23. Rf1 Qe3 24. Qh8+ Ke7 25. Qxf6+ Kd6 26. Qxd8+ Kc6 27. Be4+ Kc5 28. Qc7+ Kd4 29. Rd1+ Qd2 30. Rxd2+ Ke3 31. Rd3+ Kf2 32. Qf4+ Kg1 33. Rg3+ Kxh2 34. Qf2# 1-0

[Event "GER-ch NSV Online 1st"]
[Site "Playchess.com INT"]
[Date "2020.04.26"]
[Round "1"]
[White "Treske, Oliver"]
[Black "Happe, Reinhold"]
[Result "0-1"]
[WhiteElo "1618"]
[BlackElo "2106"]
[PlyCount "68"]
[EventDate "2020.04.26"]
[EventType "swiss (blitz)"]
[EventRounds "13"]
[EventCountry "GER"]
[SourceTitle "CBM 196 Extra"]
[Source "ChessBase"]
[SourceDate "2020.07.31"]
[SourceVersion "1"]
[SourceVersionDate "2020.07.31"]
[SourceQuality "1"]

1. d4 d5 2. c4 e6 3. Nc3 Nf6 4. cxd5 exd5 5. Bg5 c6 6. e3 Bf5 7. Bd3 Bxd3 8. Qxd3 Be7 9. Nf3 0-0 10. 0-0 h6 11. Bh4 Nbd7 12. Rfc1 Re8 13. Rab1 a5 14. a3 Ne4 15. Bxe7 Qxe7 16. b4 axb4 17. axb4 Ra3 18. b5 Rea8 19. bxc6 bxc6 20. Rb7 Nd6 21. Rbb1 Nc4 22. Nd2 Ndb6 23. Nxc4 Nxc4 24. Qc2 Ra2 25. Rb8+ Rxb8 26. Qxa2 Rb2 27. Qa8+ Kh7 28. Qxc6 Nxe3 29. Nxd5 Nxd5 30. Qxd5 Re2 31. Qf5+ g6 32. Qb1 Qf6 33. Rc2 Qxf2+ 34. Kh1 Qxg2# 0-1

[Event "Niedersachsen-ch op-B"]
[Site "Verden an der Aller"]
[Date "2020.01.04"]
[Round "5"]
[White "Treske, Oliver"]
[Black "Wilmink, Anna"]
[Result "0-1"]
[WhiteElo "1724"]
[BlackElo "1569"]
[PlyCount "94"]
[EventDate "2020.01.02"]
[EventType "swiss"]
[EventRounds "7"]
[EventCountry "GER"]
[SourceTitle "EXT 2023"]
[Source "ChessBase"]
[SourceDate "2022.10.05"]
[SourceVersion "1"]
[SourceVersionDate "2022.10.05"]
[SourceQuality "1"]

1. d4 Nf6 2. c4 e6 3. Nc3 d5 4. cxd5 exd5 5. Bg5 Be7 6. e3 0-0 7. Bd3 b6 8. Qc2 Nbd7 9. Nf3 Bb7 10. Ne5 h6 11. Nxd7 Qxd7 12. Bf4 c6 13. g4 Bc8 14. Bf5 Qd8 15. Rg1 Bd6 16. g5 hxg5 17. Bxg5 Re8 18. Bxc8 Rxc8 19. Qf5 Be7 20. Kd2 Qd6 21. Bf4 Qe6 22. Qxe6 fxe6 23. Be5 Kf7 24. Rg2 Rg8 25. Rag1 a6 26. Kd3 c5 27. dxc5 bxc5 28. b3 c4+ 29. bxc4 dxc4+ 30. Kc2 Rc6 31. f3 Rcc8 32. e4 a5 33. Nb5 Rc5 34. a4 Rxe5 35. Kc3 Rc5 36. Rd2 Rc6 37. Rgd1 Bb4+ 38. Kc2 Bxd2 39. Rxd2 Ke7 40. Kc3 e5 41. Re2 Rd8 42. Kc2 Nh5 43. Rg2 Kf6 44. Nc3 Nf4 45. Rg1 Rcd6 46. h4 Rd2+ 47. Kb1 Ne2 0-1

[Event "Niedersachsen-ch op-B"]
[Site "Verden an der Aller"]
[Date "2020.01.03"]
[Round "3"]
[White "Busse, Lukas Oliver"]
[Black "Treske, Oliver"]
[Result "1-0"]
[WhiteElo "1585"]
[BlackElo "1724"]
[PlyCount "79"]
[EventDate "2020.01.02"]
[EventType "swiss"]
[EventRounds "7"]
[EventCountry "GER"]
[SourceTitle "EXT 2023"]
[Source "ChessBase"]
[SourceDate "2022.10.05"]
[SourceVersion "1"]
[SourceVersionDate "2022.10.05"]
[SourceQuality "1"]

1. e4 c5 2. d4 cxd4 3. c3 g6 4. cxd4 Bg7 5. Nc3 d6 6. Be3 Nf6 7. Qd2 Nc6 8. f3 0-0 9. Rc1 Bd7 10. Bd3 Rc8 11. Nge2 Nb4 12. Bb1 Rc7 13. a3 Nc6 14. Bh6 Na5 15. Ba2 Nc4 16. Bxc4 Rxc4 17. h4 Qb6 18. Bxg7 Kxg7 19. e5 Ne8 20. h5 Nc7 21. hxg6 fxg6 22. Qh6+ Kf7 23. Qxh7+ Ke8 24. Qxg6+ Kd8 25. exd6 exd6 26. Qg5+ Kc8 27. Nd5 Qa5+ 28. Kf2 Nxd5 29. Rxc4+ Kb8 30. Qg7 Rd8 31. Rh8 Bb5 32. Rxd8+ Qxd8 33. Rc2 Bxe2 34. Rxe2 Nf4 35. Qe7 Nd3+ 36. Kg1 Qxe7 37. Rxe7 Nxb2 38. g4 Nd3 39. Rf7 b5 40. g5 1-0

[Event "Niedersachsen-ch op-B"]
[Site "Verden an der Aller"]
[Date "2020.01.02"]
[Round "2"]
[White "Treske, Oliver"]
[Black "Ter Stal, Lars"]
[Result "0-1"]
[WhiteElo "1724"]
[BlackElo "1707"]
[PlyCount "80"]
[EventDate "2020.01.02"]
[EventType "swiss"]
[EventRounds "7"]
[EventCountry "GER"]
[SourceTitle "EXT 2023"]
[Source "ChessBase"]
[SourceDate "2022.10.05"]
[SourceVersion "1"]
[SourceVersionDate "2022.10.05"]
[SourceQuality "1"]

1. d4 Nf6 2. c4 c5 3. d5 b5 4. cxb5 a6 5. e3 g6 6. Nf3 Bg7 7. Nc3 0-0 8. Bc4 axb5 9. Bxb5 Ba6 10. 0-0 Bxb5 11. Nxb5 d6 12. Qd3 Nbd7 13. e4 Qb6 14. Na3 Ng4 15. Nc4 Qa6 16. Qc2 Rfb8 17. Bd2 Nge5 18. Nfxe5 Nxe5 19. Nxe5 Bxe5 20. Bc3 Qc4 21. a3 Rb3 22. Rfc1 Bxc3 23. bxc3 Raxa3 24. Rxa3 Rxa3 25. Rb1 Rxc3 26. Rb8+ Kg7 27. Qb2 f6 28. h3 Rc2 29. Qb7 Qxe4 30. Qb3 Qe1+ 31. Kh2 Qxf2 32. Qg3 Qxg3+ 33. Kxg3 Rd2 34. h4 Rxd5 35. Kf3 c4 36. Rc8 Rc5 37. Rxc5 dxc5 38. Ke3 e5 39. Kd2 e4 40. g4 f5 0-1

[Event "Hannover Bezirks-ch B"]
[Site "Lehrte"]
[Date "2019.10.06"]
[Round "7.4"]
[White "Frese, Immo"]
[Black "Treske, Oliver"]
[Result "0-1"]
[WhiteElo "1703"]
[BlackElo "1562"]
[PlyCount "52"]
[EventDate "2019.10.03"]
[EventType "swiss"]
[EventRounds "7"]
[EventCountry "GER"]
[SourceTitle "EXT 2023"]
[Source "ChessBase"]
[SourceDate "2022.10.05"]
[SourceVersion "1"]
[SourceVersionDate "2022.10.05"]
[SourceQuality "1"]

1. e4 e6 2. d4 d5 3. Nd2 Nf6 4. e5 Nfd7 5. Bd3 c5 6. c3 Nc6 7. Ne2 Be7 8. 0-0 0-0 9. f4 f6 10. Nf3 fxe5 11. fxe5 cxd4 12. cxd4 Qb6 13. a3 Ndxe5 14. Nxe5 Nxe5 15. Rxf8+ Bxf8 16. Bc2 Bd7 17. Kh1 Ng4 18. Kg1 Rc8 19. Qd3 Nf6 20. Nc3 e5 21. Kh1 g6 22. dxe5 Ng4 23. Qxd5+ Be6 24. Qf3 Nf2+ 25. Kg1 Nh3+ 26. Kh1 Qg1# 0-1

[Event "Hannover Bezirks-ch B"]
[Site "Lehrte"]
[Date "2019.10.05"]
[Round "5.4"]
[White "Korb, Ruben"]
[Black "Treske, Oliver"]
[Result "1-0"]
[WhiteElo "1644"]
[BlackElo "1562"]
[PlyCount "75"]
[EventDate "2019.10.03"]
[EventType "swiss"]
[EventRounds "7"]
[EventCountry "GER"]
[SourceTitle "EXT 2023"]
[Source "ChessBase"]
[SourceDate "2022.10.05"]
[SourceVersion "1"]
[SourceVersionDate "2022.10.05"]
[SourceQuality "1"]

1. e4 e6 2. c4 d5 3. cxd5 exd5 4. exd5 Qxd5 5. Nc3 Qa5 6. Bc4 Nf6 7. Qb3 Nbd7 8. Bxf7+ Kd8 9. d4 c5 10. Nf3 cxd4 11. Nxd4 Qe5+ 12. Be3 Nc5 13. Rd1 Ke7 14. Qc4 Ng4 15. Nf3 Nxe3 16. Nxe5 Nxc4 17. Bxc4 Bf5 18. Nd5+ Ke6 19. f4 Ne4 20. g4 Bg6 21. Nc7+ Kf6 22. Nd7+ Ke7 23. Nxa8 Nd6 24. Ne5 Be4 25. 0-0 Nxc4 26. Nxc4 Kf6 27. g5+ Kg6 28. Nd6 Bc6 29. Nc7 Be7 30. f5+ Kh5 31. Ne6 Bxg5 32. Nxg5 Rd8 33. Ne6 Rd7 34. Rd3 Bb5 35. Rh3+ Kg4 36. Rg3+ Kh4 37. Rf4+ Kh5 38. Rh3# 1-0

[Event "Langenhagen Summer op 1st"]
[Site "Langenhagen"]
[Date "2019.07.06"]
[Round "5"]
[White "Hentrop, Malte"]
[Black "Treske, Oliver"]
[Result "1/2-1/2"]
[WhiteElo "1670"]
[BlackElo "1582"]
[PlyCount "117"]
[EventDate "2019.07.04"]
[EventType "swiss"]
[EventRounds "7"]
[EventCountry "GER"]
[SourceTitle "EXT 2020"]
[Source "ChessBase"]
[SourceDate "2019.10.17"]
[SourceVersion "1"]
[SourceVersionDate "2019.10.17"]
[SourceQuality "1"]

1. d4 d5 2. c4 c6 3. Nc3 Nf6 4. Nf3 e6 5. Bg5 Nbd7 6. e3 Be7 7. Bd3 dxc4 8. Bxc4 b5 9. Be2 0-0 10. 0-0 Bb7 11. Rc1 a6 12. Ne5 c5 13. Bf3 Bxf3 14. Qxf3 cxd4 15. Nc6 Qe8 16. Nxe7+ Qxe7 17. exd4 Qb4 18. d5 Qxb2 19. dxe6 fxe6 20. Qc6 Rfe8 21. Rfe1 Rac8 22. Qf3 b4 23. Ne4 Rxc1 24. Bxc1 Qxa2 25. Nd6 Rf8 26. Qe3 Ng4 27. Qxe6+ Qxe6 28. Rxe6 Nxf2 29. Bb2 Ng4 30. Re2 Ngf6 31. g4 h6 32. h4 Nc5 33. g5 hxg5 34. hxg5 Nh5 35. g6 Nd3 36. Ba1 Ndf4 37. Ra2 Nxg6 38. Rxa6 Rb8 39. Ra5 Ngf4 40. Kf2 b3 41. Rb5 Ra8 42. Bxg7 Kxg7 43. Rxb3 Nf6 44. Nc4 Rh8 45. Rb7+ Kg6 46. Ne5+ Kf5 47. Nf7 Rh3 48. Rb5+ Kg6 49. Ne5+ Kg7 50. Rb7+ Kh6 51. Rb8 Ne4+ 52. Kg1 Rg3+ 53. Kf1 Kg7 54. Rb4 Re3 55. Ra4 Re2 56. Ra3 Rb2 57. Ra1 Rh2 58. Ra7+ Kf8 59. Rf7+ 1/2-1/2

[Event "Langenhagen Summer op 1st"]
[Site "Langenhagen"]
[Date "2019.07.05"]
[Round "4"]
[White "Treske, Oliver"]
[Black "Lavitch, Evgenij"]
[Result "1-0"]
[WhiteElo "1582"]
[BlackElo "1687"]
[PlyCount "59"]
[EventDate "2019.07.04"]
[EventType "swiss"]
[EventRounds "7"]
[EventCountry "GER"]
[SourceTitle "EXT 2020"]
[Source "ChessBase"]
[SourceDate "2019.10.17"]
[SourceVersion "1"]
[SourceVersionDate "2019.10.17"]
[SourceQuality "1"]

1. d4 d5 2. c4 e6 3. Nc3 Nf6 4. cxd5 exd5 5. Bg5 Be7 6. e3 0-0 7. Bd3 h6 8. Bh4 b6 9. Nge2 Bb7 10. 0-0 Nbd7 11. Rc1 Rc8 12. Nb5 a6 13. Na7 Ra8 14. Nc6 Bxc6 15. Rxc6 Nb8 16. Rc3 Ne4 17. Bxe4 Bxh4 18. Bf3 c6 19. Nf4 Ra7 20. Qc2 a5 21. Rc1 Re8 22. Nd3 Bf6 23. b4 a4 24. b5 c5 25. Nf4 Qd7 26. Nxd5 Qxb5 27. Nxf6+ gxf6 28. dxc5 bxc5 29. Rxc5 Qb4 30. Rb1 1-0